🎤 Guess the Taylor Swift song (no hints) #4 - Statistics

General Stats
  • This quiz has been taken 123 times
  • The average score is 234 of 372
Answer Stats
Lyrics % Correct
I
97%
You
92%
you
92%
you)
92%
a
91%
the
89%
and
87%
And
87%
(And
87%
me
87%
to
84%
(To
84%
be
82%
in
81%
I'm
80%
on
80%
on)
80%
when
77%
your
77%
it's
73%
my
73%
you're
73%
they
72%
we're
71%
Don't
70%
don't
70%
there
69%
I'll
68%
of
68%
that
68%
can
67%
up
66%
but
63%
But
63%
ever
61%
with
60%
if
59%
Day
58%
from
56%
could
54%
down
54%
New
52%
want
52%
shoes
51%
will
51%
last
50%
night
50%
Year's
49%
stay
48%
their
48%
after
47%
Hold
47%
hold
47%
(Hold
47%
There's
47%
back
46%
floor
46%
Girls
46%
glitter
44%
Or
43%
or
43%
tell
43%
bottles
42%
party
42%
read
42%
away
41%
hand
41%
home
41%
out
41%
Please,
41%
cleanin'
40%
laugh
40%
memories,
40%
page
40%
become
39%
before,
39%
carryin'
39%
lobby
39%
midnights
39%
stranger
39%
anywhere
38%
gonna
38%
long
38%
recognize
38%
wrong
38%
babe
37%
Whose
37%
hard
36%
Polaroids
36%
taxi
36%
Candle
33%
forevermore
33%
road
33%
three
33%
times
33%
wax
33%
hardwood
32%
town,
32%
lost
31%
makin'
31%
mistakes
30%
squeeze
30%
toast
29%
scared
28%
turnin'
28%
strike
21%
crawlin'
19%
No matching quizzes found
Score Distribution
Percent of People with Each Score
Percentile by Number Answered
Your Score History
You have not taken this quiz